K-pop: TWICE Members - Images - Statistics

General Stats
  • This quiz has been taken 46 times
  • The average score is 8 of 9
Answer Stats
Picture Answer % Correct
Momo
100%
Nayeon
97%
Jihyo
94%
Tzuyu
94%
Dahyun
91%
Sana
91%
Jeongyeon
88%
Mina
85%
Chaeyoung
82%
No matching quizzes found
Score Distribution
Percent of People with Each Score
Percentile by Number Answered
Your Score History
You have not taken this quiz